000 00345nam a22001337a 4500
003 OSt
008 201120b ||||| |||| 00| 0 eng d
100 _aKHAN, M Y and Jain, P. K.
245 _aManagement Accounting : Text Problems and Cases
250 _a70th
260 _aNew Delhi
_bTata Mcgraw Hill
_c2019
650 _aB.Com
942 _2ddc
_cBK
999 _c9313
_d9313